Logo CIB grande

Essential skills for 3D modeling, rendering, and animation (Registro nro. 237469)

Detalles MARC
000 -LEADER
campo de control de longitud fija 00577nam a2200193Ia 4500
005 - FECHA Y HORA DE LA ÚLTIMA TRANSACCIÓN
campo de control 20250425162834.0
008 - DATOS DE LONGITUD FIJA--INFORMACIÓN GENERAL
campo de control de longitud fija 250425s9999 xx 000 0 und d
020 ## - NÚMERO INTERNACIONAL ESTÁNDAR DEL LIBRO
Número Internacional Estándar del Libro 9781482224122
041 ## - CÓDIGO DE IDIOMA
Código de lengua del texto/banda sonora o título independiente eng
082 ## - NÚMERO DE LA CLASIFICACIÓN DECIMAL DEWEY
Número de clasificación 006.696
Iniciales del Autor ZEM
010 ## - NÚMERO DE CONTROL DE LA BIBLIOTECA DEL CONGRESO
Número de control de LC 112301
100 ## - ENTRADA PRINCIPAL--NOMBRE DE PERSONA
Nombre de persona Zeman, Nicholas Bernhardt
245 #0 - MENCIÓN DEL TÍTULO
Título Essential skills for 3D modeling, rendering, and animation
Mención de responsabilidad, etc. Nicholas Bernhardt Zeman
260 ## - PUBLICACIÓN, DISTRIBUCIÓN, ETC.
Lugar de publicación, distribución, etc. Boca Raton
Nombre del editor, distribuidor, etc. CRC Press, Taylor & Francis
Fecha de publicación, distribución, etc. 2015
300 ## - DESCRIPCIÓN FÍSICA
Extensión 226 páginas
650 ## - PUNTO DE ACCESO ADICIONAL DE MATERIA--TÉRMINO DE MATERIA
Término de materia o nombre geográfico como elemento de entrada Animación por computadora
650 ## - PUNTO DE ACCESO ADICIONAL DE MATERIA--TÉRMINO DE MATERIA
Término de materia o nombre geográfico como elemento de entrada Modelado tridimensional
942 ## - ELEMENTOS DE ENTRADA SECUNDARIOS (KOHA)
Tipo de ítem Koha Libros
Existencias
Estatus retirado Estado de pérdida Estado de daño No para préstamo Biblioteca de origen Biblioteca actual Fecha de adquisición Coste, precio normal de compra Etiqueta RFID Total de préstamos Código de barras Visto por última vez Fecha del último préstamo Copia número Fecha de reemplazo Tipo de ítem Koha
        CENTRO DE INFORMACIÓN BIBLIOTECARIA CENTRO DE INFORMACIÓN BIBLIOTECARIA 18/10/2022 106.20 0000000000000000035902 1 80797 07/10/2025 29/09/2025 1 08/08/2025 Libros

Copyright 2025 ESPOL. Todos los derechos reservados.